| 000 | 00382nam a22001337a 4500 | ||
|---|---|---|---|
| 020 | _a824705149 | ||
| 082 |
_a631.56. _bCHA/HA |
||
| 245 | _aHandbook of Postharvest Technology:Cereals, Fruits, Vegetables,Tea, and Spices. | ||
| 260 |
_aNew York _bMarcel Dekker,Inc. _c2010 |
||
| 300 | _a884 | ||
| 700 |
_aChakraverty,Amalendu _91118 |
||
| 700 |
_aMajumdar,Arun S. _91119 |
||
| 942 | _cREF | ||
| 999 |
_c14640 _d14640 |
||